Vivir el hoy de Dios
Guardat en:
| Autor principal: | |
|---|---|
| Format: | Llibre |
| Idioma: | espanyol |
| Publicat: |
Barcelona
Herder
1981
|
| Edició: | 5a. ed |
| Matèries: | |
| Etiquetes: |
Afegir etiqueta
Sense etiquetes, Sigues el primer a etiquetar aquest registre!
|
MARC
| LEADER | 00000nam a2200000 a 4500 | ||
|---|---|---|---|
| 001 | UCX3543 | ||
| 003 | CL-VaPUC | ||
| 008 | 911113e19810000SP |||||||||||||||||spa|d | ||
| 082 | 0 | 4 | |a 270.82 |b ROG |2 21 |
| 100 | 0 | |a Roger, Frere |e author |9 319730 | |
| 245 | 1 | 0 | |a Vivir el hoy de Dios |
| 250 | |a 5a. ed | ||
| 300 | |a 127 p | ||
| 942 | |c BK | ||
| 945 | |d 19911113 00:00:00 | ||
| 260 | |a Barcelona |b Herder |c 1981 | ||
| 650 | 0 | |a Teología |9 258766 | |
| 651 | 7 | |a COMMUNAUTE DE TAIZE |2 CL-VaPUC |9 319731 | |
| 651 | 0 | |a Francia |9 255157 | |
| 583 | |a last modification |c 19911113 00:00:00 |k Rodrigo Vera | ||
| 999 | |c 224273 |d 224271 | ||
| 952 | |0 0 |1 0 |4 0 |6 270_820000000000000_ROG_1981 |7 0 |8 A |9 220805 |a BIBTEO |b BIBTEO |d 2019-11-15 |i 2895420 |o 270.82 ROG 1981 |p 2895420 |r 2025-01-17 |w 2019-11-15 |y BK |k ICR | ||